000
00294nam a2200121 4500
999
_c
10632
_d
10632
003
OSt
005
20220429190542.0
008
220429b ||||| |||| 00| 0 eng d
082
_a
727.8
100
_a
Thompson, Godfrey, 1921-
245
_a
Planning and design of library buildings
942
_2
ddc